00360pab a2200145 454500008004000000100002500040245002700065260000900092300001000101362001100111650003000122650001800152650002900170773001500199180718b1995 xxu||||| |||| 00| 0 eng d aChakravarthy, Nikhil aWages of Manmohanomics c1995 ap.3-4 a29 Jul aEconomic planning - India aWages - India aCentral planning - India aMainstream